| 000 | 00447nam a2200145Ia 4500 | ||
|---|---|---|---|
| 008 | 211109s9999||||xx |||||||||||||| ||und|| | ||
| 082 |
_a894.8121 _bPAR-T |
||
| 100 | _aUlloor, S Parameswara Iyar | ||
| 245 | 0 | _aTharangani | |
| 260 |
_bUllur Publishers _aJagathy _c1951 |
||
| 300 | _a104p | ||
| 630 | _xGeneral Stack | ||
| 650 |
_aLiterature & rhetoric _vLiteratures of other languagesMalayalam literatureMalayalam Poetry _xGeneralia |
||
| 942 | _cBOOK | ||
| 999 |
_c15936 _d15936 |
||